00497pam a2200181 a 450000100070000000500170000700800410002401000170006502000150008204000180009704100080011508000170012308200210014010000070016110100080016824500880017650400510026458225020180213071719.0900703s1991 nyua b 001 0 eng  a 90042628  a0442318847 aDLCcDLCdDLC aeng a613.2023 BRE00a613.2023 BRE2201 a10 aNUT14aThe consultant dietitian :cCarolyn Breeding, Donna M. Foster, Marianne Smith Edge. aIncludes bibliographical references and index.